International law in post-colonial Africa / (Record no. 1311)

000 -LEADER
fixed length control field 02084cam a2200229 a 4500
001 - CONTROL NUMBER
control field 741834
003 - CONTROL NUMBER IDENTIFIER
control field OSt
005 - DATE AND TIME OF LATEST TRANSACTION
control field 20140409134605.0
008 - FIXED-LENGTH DATA ELEMENTS--GENERAL INFORMATION
fixed length control field 990426s1999 ne b 001 0 eng
010 ## - LIBRARY OF CONGRESS CONTROL NUMBER
LC control number 99031848
020 ## - INTERNATIONAL STANDARD BOOK NUMBER
International Standard Book Number 9041110895
050 00 - LIBRARY OF CONGRESS CALL NUMBER
Classification number KQC553.5.M35 1999
100 1# - MAIN ENTRY--PERSONAL NAME
Personal name Maluwa, Tiyanjana.
245 10 - TITLE STATEMENT
Title International law in post-colonial Africa /
Statement of responsibility, etc by Tiyanjana Maluwa.
260 ## - PUBLICATION, DISTRIBUTION, ETC. (IMPRINT)
Place of publication, distribution, etc The Hague ;
-- Boston :
Name of publisher, distributor, etc Kluwer Law International,
Date of publication, distribution, etc c1999.
300 ## - PHYSICAL DESCRIPTION
Extent xxi, 346 p. ;
Dimensions 25 cm.
440 #0 - SERIES STATEMENT/ADDED ENTRY--TITLE
Title Studies and materials on the settlement of international disputes ;
Volume number/sequential designation v. 4
504 ## - BIBLIOGRAPHY, ETC. NOTE
Bibliography, etc Includes bibliographical references and indexes.
505 ## - FORMATTED CONTENTS NOTE
Formatted contents note Note by the Series Editor. About the Author. Preface. I: Creating and Situating International Law. 1. Custom, Authority and the Creation of International Law. 2. Situating International Law in Municipal Legal Systems in Africa. II: Pre-Independence Treaty Obligations and the Post-Colonial State. 3. The Newly Emergent State and the Devolution of Pre-Independence Treaties. 4. Succession to Treaties and International Fluvial Law in Africa: The Niger Treaties. III: Human Rights. 5. Contextualizing Democracy and Human Rights in Africa. 6. Protecting Human Rights in the Constitution: The Case of Malawi. IV: Refugee Rights. 7. The Refugee Problem in Post-Apartheid Southern Africa. 8. Refugees, Law and Politics: The Evolution of Refugee Policy in Malawi. V: Territory, Sovereignty and Dispute Settlement. 9. The Peaceful Settlement of International Disputes in Post-Colonial Africa: The First Two Decades. 10. Regulating the Common Utilization and Management of International Watercourses: The Senegal Regime. VI: Implementing New International Law. 11. Southern African Land-Locked States and Rights of Access and Transit under the New Law of the Sea. 12. Environment and Development in Africa in the 1990s: Some Legal Issues. Appendix: Bilateral Treaties Concluded by the United Kingdom and Other Parties Still in Force in Malawi. Index. Index of Cases.
650 #0 - SUBJECT ADDED ENTRY--TOPICAL TERM
Topical term or geographic name as entry element International law
Geographic subdivision Africa.
942 ## - ADDED ENTRY ELEMENTS (KOHA)
Source of classification or shelving scheme
Koha item type Book
Holdings
Withdrawn status Lost status Source of classification or shelving scheme Damaged status Not for loan Home library Current library Date acquired Total Checkouts Full call number Barcode Date last seen Price effective from Koha item type
          Riara University Library Riara University Library 09/04/2014   KQC553.5.M35 1999 4678/14 09/04/2014 09/04/2014 Book

Riara University Library,
P.O. Box 49940-00100,
Nairobi, Kenya.